00736pam a2200217 a 4500001000500000005001700005020001800022040002300040050002000063082001000083100002100093245004600114260004200160300004600202505000800248520011500256521002000371521002000391650006400411650004300475273720241218101059.0 a9780516262857 aDLCcDLCdDLCbeng00aE215.S84b 199600a973.31 aStein, R. Conrad14aThe Boston tea party /cStein, R. Conard  aNew York :bChildren's Press,c1996 . a30 pages :bcolor illustrations ;c25 cm. aZ  aDramatic and defining moments in American history come vividly the life in the Cornerstones of Freedom series. a930 bLexile  aZ bRaz-Plus  0aBoston Tea Party, Boston, Mass., 1773vJuvenile literature. 1aBoston Tea Party, Boston, Mass., 1773.